Three Men and A... Quiz Stats

 Plays Quiz Updated Jul 15, 2017

Support Sporcle.
Go Orange.
Score 0/20 Timer 06:00
0 Plays Today
% Correct
Three Little Pigs
93.7%
Three Men and a Baby
92.4%
Minions
91.5%
Star Trek
91.3%
Jaws
90.5%
The Three Musketeers
89.5%
The Brothers Karamazov
89.2%
Rub-a-dub-dub
88.6%
The DiMaggios
88.5%
Top Gear
87.7%
% Correct
Harry Potter and the Deathly Hallows
85.8%
Crosby, Stills & Nash
85.8%
Blue Man Group
84.2%
The Billy Goats Gruff
83.5%
The Three Stooges
82%
The Marx Brothers
80.3%
My Three Sons
74.7%
Newhart
70.3%
The Brady Bunch
66%
The Three Amigos
65%

You're not logged in!

Compare scores with friends on all Sporcle quizzes.
OR
Log In
Forgot?

From the Vault

Banned Around the World II

by bowsntoys

The things people take the time to write laws about...
Remove Ads.
Support Sporcle.
Get the best of Sporcle when you Go Orange. This ad-free experience offers more features, more stats, and more fun while also helping to support Sporcle. Thank you for becoming a member.

Show Comments

Extras

Top Quizzes Today


Score Distribution

Your Account Isn't Verified!

In order to create a playlist on Sporcle, you need to verify the email address you used during registration. Go to your Sporcle Settings to finish the process.

Report this User

Report this user for behavior that violates our Community Guidelines.

Details: